=LDR 00000nam 2200000 4500 =001 INLIS000000000051178 =005 20170830095013 =035 ##$$a 0010-0817000361 =007 ta =008 170830###########################0###### =020 ##$$a 978-602-422-031-0 =082 ##$$a 347 =084 ##$$a 347 MAS s =100 #$$a Maskur Hidayat =245 1#$$a Strategi dan Praktik Mediasi /$c Maskur Hidayat =250 ##$$a ed.1 =260 ##$$a Jakarta :$b Kencana,$c 2016 =300 ##$$a xix, 248 hlm ; $c 20 cm =650 ##$$a Bantuan Hukum =990 ##$$a 99669966 =990 ##$$a 99669966 =990 ##$$a 99669966 =990 ##$$a 99669966 =990 ##$$a 99669966 =990 ##$$a 21704221 =990 ##$$a 01201709966 =990 ##$$a 01201709967 =990 ##$$a 01201709968 =990 ##$$a 01201709969 =990 ##$$a 21704222 =990 ##$$a 01201709966 =990 ##$$a 01201709967 =990 ##$$a 01201709968 =990 ##$$a 21704221 =990 ##$$a 21704223 =990 ##$$a 01201709966 =990 ##$$a 01201709967 =990 ##$$a 21704222 =990 ##$$a 21704221 =990 ##$$a 21704224 =990 ##$$a 01201709966 =990 ##$$a 21704223 =990 ##$$a 21704222 =990 ##$$a 21704221 =990 ##$$a 21704225 =990 ##$$a 21704224 =990 ##$$a 21704223 =990 ##$$a 21704222 =990 ##$$a 21704221